Sports Quiz

Random Sports Quiz
Score 0/15 Timer 04:00
0 Plays Today
Number of Goals Surname of Goalscorer % Correct
7Wayne Rooney
100%
6Javier Hernandez
90.3%
13Robin Van Persie
88.7%
1Nani
82.3%
4Patrice Evra
81.5%
1Danny Welbeck
81.5%
1Paul Scholes
74.2%
3Jonny Evans
71.8%
Number of Goals Surname of Goalscorer % Correct
2Shinji Kagawa
65.3%
1Anderson
62.9%
2Tom Cleverley
62.1%
1Darren Fletcher
56.5%
1Alexander Buttner
51.6%
1Nick Powell
44.4%
2Rafael Da Silva
42.7%

You're not logged in!

Compare scores with friends on all Sporcle quizzes.
OR
Log In

Sporcle TV

Today on Sporcle TV


Watch our educational content, quiz creation guides, and fun videos on Sporcle TV.

Show Comments

Extras

Top Quizzes Today


Score Distribution

Paid Content

Your Account Isn't Verified!

In order to create a playlist on Sporcle, you need to verify the email address you used during registration. Go to your Sporcle Settings to finish the process.

Report this User

Report this user for behavior that violates our Community Guidelines.

Details: